<?xml version="1.0" encoding="UTF-8"?>
<record
    xmlns:xsi="http://www.w3.org/2001/XMLSchema-instance"
    xsi:schemaLocation="http://www.loc.gov/MARC21/slim http://www.loc.gov/standards/marcxml/schema/MARC21slim.xsd"
    xmlns="http://www.loc.gov/MARC21/slim">

  <leader>03466nam a2200409 a 4500</leader>
  <controlfield tag="003">CHAP</controlfield>
  <controlfield tag="005">20250127183216.0</controlfield>
  <controlfield tag="007">ta</controlfield>
  <controlfield tag="008">250127s2022    mx ado|fr|||| 001 0 spa d</controlfield>
  <datafield tag="020" ind1=" " ind2=" ">
    <subfield code="a">978-607-17-2395-6</subfield>
  </datafield>
  <datafield tag="040" ind1=" " ind2=" ">
    <subfield code="a">mxchpua</subfield>
    <subfield code="c">CHAP</subfield>
    <subfield code="e">rda</subfield>
  </datafield>
  <datafield tag="041" ind1=" " ind2=" ">
    <subfield code="a">spa</subfield>
    <subfield code="b">spa</subfield>
    <subfield code="f">spa</subfield>
    <subfield code="h">spa</subfield>
  </datafield>
  <datafield tag="050" ind1="1" ind2="0">
    <subfield code="a">GF26</subfield>
    <subfield code="b">.F73 2022</subfield>
  </datafield>
  <datafield tag="082" ind1="0" ind2="0">
    <subfield code="2">20</subfield>
    <subfield code="a">304.2</subfield>
    <subfield code="b">F73 2022</subfield>
  </datafield>
  <datafield tag="100" ind1="1" ind2=" ">
    <subfield code="a">Franco L&#xF3;pez, Jonathan</subfield>
    <subfield code="9">42966</subfield>
  </datafield>
  <datafield tag="245" ind1="1" ind2="0">
    <subfield code="a">Evaluaci&#xF3;n del impacto ambiental :</subfield>
    <subfield code="b">t&#xE9;cnicas y procedimientos metodol&#xF3;gicos /</subfield>
    <subfield code="c">Jonathan Franco L&#xF3;pez</subfield>
  </datafield>
  <datafield tag="250" ind1=" " ind2=" ">
    <subfield code="a">1a edici&#xF3;n</subfield>
  </datafield>
  <datafield tag="264" ind1=" " ind2=" ">
    <subfield code="a">M&#xE9;xico :</subfield>
    <subfield code="b">Trillas,</subfield>
    <subfield code="c">2022</subfield>
  </datafield>
  <datafield tag="300" ind1=" " ind2=" ">
    <subfield code="a">319 p&#xE1;ginas :</subfield>
    <subfield code="b">ilustraciones, gr&#xE1;ficas, diagramas, tablas, fotos</subfield>
  </datafield>
  <datafield tag="336" ind1=" " ind2=" ">
    <subfield code="2">rdacontent</subfield>
    <subfield code="a">texto</subfield>
    <subfield code="b">txt</subfield>
  </datafield>
  <datafield tag="337" ind1=" " ind2=" ">
    <subfield code="2">rdamedia</subfield>
    <subfield code="a">sin medio</subfield>
    <subfield code="b">n</subfield>
  </datafield>
  <datafield tag="338" ind1=" " ind2=" ">
    <subfield code="2">rdacarrier</subfield>
    <subfield code="a">volumen</subfield>
    <subfield code="b">nc</subfield>
  </datafield>
  <datafield tag="504" ind1=" " ind2=" ">
    <subfield code="a">Bibliograf&#xED;a: p&#xE1;ginas 307-309</subfield>
  </datafield>
  <datafield tag="505" ind1="0" ind2=" ">
    <subfield code="a">1. Generalidades --
2. La evaluaci&#xF3;n del impacto ambiental --
3. Marco legal aplicable a los esudios de impacto ambiental --
4. Aspectos relacionados con la evaluaci&#xF3;n de los componentes ambientales --
5. Metodolog&#xED;as para identificaci&#xF3;n y evaluaci&#xF3;n de impactos ambientales --
6. Metodolog&#xED;as (m&#xE9;todos ad hoc) para identificaci&#xF3;n y evaluaci&#xF3;n de impactos ambientales --
7. Metodolog&#xED;as [listas de verificaci&#xF3;n o chequeo (checklist)] para identificaci&#xF3;n y evaluaci&#xF3;n de impactos ambientales --
8. Metodolog&#xED;as (matrices) para identificaci&#xF3;n y evaluaci&#xF3;n de impactos ambientales --
9. Metodolog&#xED;as (redes) para identificaci&#xF3;n y evaluaci&#xF3;n de impactos ambientales --
10. Metodolog&#xED;as (m&#xE9;todos cartogr&#xE1;ficos) para identificaci&#xF3;n y evaluaci&#xF3;n de impactos ambientales --
11. Otras metodolog&#xED;as para identificaci&#xF3;n y evaluaci&#xF3;n de impactos ambientales --
12. Medidas de mitigaci&#xF3;n.</subfield>
  </datafield>
  <datafield tag="520" ind1="2" ind2=" ">
    <subfield code="a">Las evaluaciones de impacto ambiental pretenden, como principio, preservar en la mayor medida posible un equilibrio entre el desarrollo de la actividad y los componentes del ambiente, a sabiendas de que, por definici&#xF3;n, toda actividad o proyecto humano lo altera en mayor o menor medida, No se trata entonces de constituir un obst&#xE1;culo a las actividades , sino de convertirse en un instrumento que ayude a prevenir alteraciones significativas del entorno natural, as&#xED; como las condiciones preexistentes y de los ecosistemas humanos, para mejorar las condiciones de vida de los grupos sociales.Este libro presenta diferentes metodolog&#xED;as para identificaci&#xF3;n y evaluaci&#xF3;n de impactos ambientales cuyo objetivo es, por una parte, la protecci&#xF3;n del ambiente y, por otra, revertir los problemas de degradaci&#xF3;n existentes, debidos a la explotaci&#xF3;n indiscriminada de los recursos naturales en diversas zonas del planeta. Con esto se busca poner en pr&#xE1;ctica alternativas de desarrollo sostenible o sustentable, que satisfagan las necesidades del presente sin comprometer las de generaciones futuras.</subfield>
  </datafield>
  <datafield tag="650" ind1="1" ind2="7">
    <subfield code="a">Ecolog&#xED;a humana</subfield>
    <subfield code="2">atg</subfield>
    <subfield code="9">35179</subfield>
  </datafield>
  <datafield tag="650" ind1="1" ind2="3">
    <subfield code="a">Evaluaci&#xF3;n de impacto ambiental  </subfield>
    <subfield code="2">atg</subfield>
    <subfield code="9">156818</subfield>
  </datafield>
  <datafield tag="650" ind1="1" ind2="3">
    <subfield code="a">Seres humanos</subfield>
    <subfield code="x">Manejo de recursos naturales</subfield>
    <subfield code="2">atg</subfield>
    <subfield code="9">189951</subfield>
  </datafield>
  <datafield tag="650" ind1="1" ind2="3">
    <subfield code="a">Gesti&#xF3;n ambiental</subfield>
    <subfield code="2">atg</subfield>
    <subfield code="9">143891</subfield>
  </datafield>
  <datafield tag="650" ind1="1" ind2="3">
    <subfield code="a">Sostenibilidad ambiental</subfield>
    <subfield code="2">atg</subfield>
    <subfield code="9">189953</subfield>
  </datafield>
  <datafield tag="650" ind1="1" ind2="3">
    <subfield code="a">Human ecology</subfield>
    <subfield code="2">atg</subfield>
    <subfield code="9">189950</subfield>
  </datafield>
  <datafield tag="650" ind1="1" ind2="3">
    <subfield code="a">Environmental assessment  </subfield>
    <subfield code="2">atg</subfield>
    <subfield code="9">162347</subfield>
  </datafield>
  <datafield tag="650" ind1="1" ind2="3">
    <subfield code="a">Humans</subfield>
    <subfield code="x">Natural resource management</subfield>
    <subfield code="2">atg</subfield>
    <subfield code="9">189952</subfield>
  </datafield>
  <datafield tag="650" ind1="1" ind2="3">
    <subfield code="a">Environmental management</subfield>
    <subfield code="2">atg</subfield>
    <subfield code="9">160239</subfield>
  </datafield>
  <datafield tag="650" ind1="1" ind2="3">
    <subfield code="a">Environmental sustainability</subfield>
    <subfield code="2">atg</subfield>
    <subfield code="9">189954</subfield>
  </datafield>
  <datafield tag="942" ind1=" " ind2=" ">
    <subfield code="2">ddc</subfield>
    <subfield code="c">LIBRO</subfield>
  </datafield>
  <datafield tag="999" ind1=" " ind2=" ">
    <subfield code="c">220390</subfield>
    <subfield code="d">220390</subfield>
  </datafield>
  <datafield tag="952" ind1=" " ind2=" ">
    <subfield code="0">0</subfield>
    <subfield code="1">0</subfield>
    <subfield code="2">ddc</subfield>
    <subfield code="4">0</subfield>
    <subfield code="5">1</subfield>
    <subfield code="7">0</subfield>
    <subfield code="8">GRAL</subfield>
    <subfield code="a">IA_</subfield>
    <subfield code="b">IA_</subfield>
    <subfield code="d">2024-10-11</subfield>
    <subfield code="e">Compra Librer&#xED;a UACh F. 44556</subfield>
    <subfield code="g">654.00</subfield>
    <subfield code="i">Consumo</subfield>
    <subfield code="l">0</subfield>
    <subfield code="o">304.2 F73 2022</subfield>
    <subfield code="p">1102015194</subfield>
    <subfield code="r">2025-01-27 18:33:47</subfield>
    <subfield code="t">Ej. 1</subfield>
    <subfield code="w">2025-01-27</subfield>
    <subfield code="y">LIBRO</subfield>
  </datafield>
  <datafield tag="952" ind1=" " ind2=" ">
    <subfield code="0">0</subfield>
    <subfield code="1">0</subfield>
    <subfield code="2">ddc</subfield>
    <subfield code="4">0</subfield>
    <subfield code="5">5</subfield>
    <subfield code="7">0</subfield>
    <subfield code="8">GRAL</subfield>
    <subfield code="a">IA_</subfield>
    <subfield code="b">IA_</subfield>
    <subfield code="d">2024-10-11</subfield>
    <subfield code="e">Compra Librer&#xED;a UACh F. 44556</subfield>
    <subfield code="g">654.00</subfield>
    <subfield code="i">Consumo</subfield>
    <subfield code="l">0</subfield>
    <subfield code="o">304.2 F73 2022</subfield>
    <subfield code="p">1102015195</subfield>
    <subfield code="r">2025-01-27 18:33:47</subfield>
    <subfield code="t">Ej. 2</subfield>
    <subfield code="w">2025-01-27</subfield>
    <subfield code="y">LIBRO</subfield>
  </datafield>
  <datafield tag="952" ind1=" " ind2=" ">
    <subfield code="0">0</subfield>
    <subfield code="1">0</subfield>
    <subfield code="2">ddc</subfield>
    <subfield code="4">0</subfield>
    <subfield code="5">5</subfield>
    <subfield code="7">0</subfield>
    <subfield code="8">GRAL</subfield>
    <subfield code="a">IA_</subfield>
    <subfield code="b">IA_</subfield>
    <subfield code="d">2024-10-11</subfield>
    <subfield code="e">Compra Librer&#xED;a UACh F. 44556</subfield>
    <subfield code="g">654.00</subfield>
    <subfield code="i">Consumo</subfield>
    <subfield code="l">0</subfield>
    <subfield code="o">304.2 F73 2022</subfield>
    <subfield code="p">1102015196</subfield>
    <subfield code="r">2025-01-27 18:33:47</subfield>
    <subfield code="t">Ej. 3</subfield>
    <subfield code="w">2025-01-27</subfield>
    <subfield code="y">LIBRO</subfield>
  </datafield>
</record>
